[Event "Le Touquet op-B 19th"]
[Site "Le Touquet"]
[Date "2004.10.30"]
[Round "8"]
[White "Lemoine, Jean Pierre"]
[Black "Delattre, Xavier"]
[Result "0-1"]
[WhiteElo "1850"]
[BlackElo "1510"]
[PlyCount "82"]
[EventDate "2004.10.25"]
[EventType "swiss"]
[EventRounds "9"]
[EventCountry "FRA"]
[SourceTitle "EXT 2006"]
[Source "ChessBase"]
[SourceDate "2005.11.24"]
[SourceVersion "1"]
[SourceVersionDate "2005.11.24"]
[SourceQuality "1"]

1. c4 e5 2. g3 Nf6 3. Bg2 d5 4. cxd5 Nxd5 5. e4 Nf6 6. Nc3 Nc6 7. Nf3 Bg4 8. 0-0 Bc5 9. Qb3 Bb6 10. Qb5 a6 11. Qa4 0-0 12. Kh1 h6 13. Ne1 Re8 14. d3 Qd7 15. f3 Bh3 16. Nd1 Bxg2+ 17. Kxg2 Ba5 18. b4 Bxb4 19. Qb3 Bxe1 20. Rxe1 b6 21. Be3 Nd4 22. Qc3 c5 23. Nb2 Nb5 24. Qb3 Qe6 25. Nc4 Rab8 26. f4 exf4 27. Bxf4 Rb7 28. Qa4 Ra7 29. Re2 Nd4 30. Nd6 Nxe2 31. Nxe8 Nxf4+ 32. gxf4 Qxe8 33. Qb3 Qb5 34. Qc3 Rd7 35. Rd1 Qb4 36. Qe5 Qd4 37. Qb8+ Kh7 38. Qxb6 Qe3 39. Qxa6 Qxf4 40. Qc6 Qg4+ 41. Kf1 Qxd1+ 0-1